000 00303nam a22001457a 4500
008 230123b ||||| |||| 00| 0 eng d
020 _a9780804732697
041 _aeng
080 _a51
082 _a51DAV
100 _a20
101 _aLITE
245 _aACTS OF UNION
_cDAVIS L
942 _2udc
_cBK
999 _c59245
_d59245